000 00597nam a2200217 i 4500
001 C2-0076519
003 PPAK
005 20180727082152.0
008 970429s1998 enka|||| ||||| | eng d
040 _aPPAK
_beng
_cPPAK
_erda
082 0 4 _a641.5636
_223
090 0 0 _a641.5636
_bHAM
_dR
245 0 0 _aHamlyn all colour vegetarian cookbook
264 1 _aLondon :
_bHamlyn Publishing ,
_c1998
300 _a[n.p.] :
_billustrations ;
_c30 cm
336 _2rdacontent
_atext
337 _2rdamedia
_aunmediated
338 _2rdacarrier
_avolume
650 1 0 _aVegetarian cookery
942 _ddc
_cB
999 _c11917
_d11917